Tous les titans primordiaux - SNK - Statistiques

Statistiques générales
  • Ce quiz a été pris 357 fois
  • Le résultat moyen est 8 sur 9
Statistiques - réponses
Hint Réponse % Correct
- Bertholt - Armin - Eren Titan Colossal
98%
Annie Titan Féminin
97%
- Sieg Titan Bestial
96%
- Peak Titan Charrette
95%
- Reiner Titan Cuirassé
95%
- Eren - Grisha - Frieda - Uli - Karl - Ymir Fritz Titan Originel
91%
- Eren - Grisha Titan Assaillant
90%
- Falco - Porco - Ymir - Marcel Titan Mâchoire
89%
- Eren - Lara Titan Marteau d'armes
49%
Aucun quiz correspondant
Distribution des résultats
% des personnes avec chaque résultat
Percentile par nombre de réponses
Votre historique - résultats
Vous n’avez pas pris ce quiz